000 00847nam a22002297a 4500
999 _c11685
_d11685
003 AR-CdUCM
008 190404b ||||| |||| 00| 0 spa d
040 _aMUNICIPALIDAD PROVINCIAL DEL CUSCO
_cBIBLIOTECA MUNICIPAL DEL CUSCO
082 _23ed.
_a340.946 /
_bE79 / 1840
100 _aEscriche, Joaquin
_929171
245 _aElementos del derecho Español /
260 _aParís :
_bLibreria de Vicente Salvá,
_c1840.
300 _a403 paginas ;
_c16 cm.
500 _aDedicatoria :
505 _aContenido : De la justicia y el derecho -- Del estado de los hombres -- Del matrimonio -- De las cosas -- De la prescripción -- De las servidumbres...
650 _aDerecho Español
_929172
650 _aJusticia
_98875
650 _aDelitos y penas
_929173
650 _aJuicios
_97111
942 _2ddc
_cLIBROS
945 _awnts
_d2019-04-04